000 00691nam a2200253Ia 4500
003 OSt
005 20220927105501.0
006 a|||||r|||| 00| 0
007 ta
008 220926b |||||||| |||| 00| 0 eng d
024 _a173019
037 _cReference Collections
040 _aRTL
_cRTL
_beng
041 _2eng
_aeng
082 _a"V2,31p.N92, N2.164-8"
110 _aRajya Sabha
_9372872
245 0 _aOfficial Report.
260 _aNew
_bDelhi Rajya Sabha Secretariat.
_c1992
300 _a366p.
_ccm.
490 _v164 Vol.; no.8
700 _aRajya Sabha
_9372873
942 _h"V2,31p.N92, N2.164-8"
_cCC
999 _c692799
_d692799